Comentarios a la ley básica de régimen local (Record no. 67431)
[ view plain ]
| 000 -LEADER | |
|---|---|
| campo de control de longitud fija | 00912nam a2200241 i 4500 |
| 001 - NÚMERO DE CONTROL | |
| campo de control | 67431 |
| 003 - IDENTIFICADOR DE NÚMERO DE CONTROL | |
| campo de control | ES-MaACL |
| 005 - FECHA Y HORA DE LA ÚLTIMA TRANSACCIÓN | |
| campo de control | 20240227152235.0 |
| 007 - CAMPO FIJO DE DESCRIPCIÓN FÍSICA--INFORMACIÓN GENERAL | |
| campo de control de longitud fija | t| |
| 008 - DATOS DE LONGITUD FIJA--INFORMACIÓN GENERAL | |
| campo de control de longitud fija | 040526s2003 sp ||||1| spa d |
| 020 ## - NÚMERO INTERNACIONAL ESTÁNDAR DEL LIBRO | |
| Número Internacional Estándar del Libro | 84-470-1986-1 |
| 080 ## - NÚMERO DE LA CLASIFICACIÓN DECIMAL UNIVERSAL | |
| Número de la Clasificación Decimal Universal | 352/353(460)"1985"(094.5) |
| 245 00 - MENCIÓN DEL TÍTULO | |
| Título | Comentarios a la ley básica de régimen local |
| Resto del título | : (Ley 7/1985, de 2 de abril, reguladora de las Bases del Régimen Local) / |
| Mención de responsabilidad, etc. | autores: María José Alonso Mas ... [et al.] ; Manuel J. Domingo Zaballos (coordinador). |
| 250 ## - MENCION DE EDICION | |
| Mención de edición | 1ª ed. |
| 260 ## - PUBLICACIÓN, DISTRIBUCIÓN, ETC. | |
| Lugar de publicación, distribución, etc. | Madrid : |
| Nombre del editor, distribuidor, etc. | Civitas, |
| Fecha de publicación, distribución, etc. | 2003. |
| 300 ## - DESCRIPCIÓN FÍSICA | |
| Extensión | 1988 p. ; |
| Dimensiones | 25 cm. |
| 650 14 - PUNTO DE ACCESO ADICIONAL DE MATERIA--TÉRMINO DE MATERIA | |
| Término de materia o nombre geográfico como elemento de entrada | Administración local- |
| Subdivisión geográfica | España- |
| Subdivisión de forma | Legislación. |
| 9 (RLIN) | 9635 |
| 700 1# - ENTRADA AGREGADA--NOMBRE PERSONAL | |
| Nombre de persona | Alonso Mas, María José. |
| 9 (RLIN) | 20359 |
| 700 1# - ENTRADA AGREGADA--NOMBRE PERSONAL | |
| Nombre de persona | Domingo Zaballos, Manuel J. |
| 9 (RLIN) | 45149 |
| 852 ## - LOCALIZACIÓN | |
| Ubicación | ES-MaACL |
| Número de control de estantería | A-15284 |
| itemnumber | 69947 |
| Ubicación en estantería | Depósito 1 |
| Signatura antigua | Olim: L 352(460)"1985" com |
| Partes que faltan | Olim: Meseton |
| 942 ## - ELEMENTOS DE ENTRADA SECUNDARIOS (KOHA) | |
| Fuente del sistema de clasificación o colocación | Clasificación decimal universal |
| Estatus retirado | Estado de pérdida | Fuente del sistema de clasificación o colocación | Estado de daño | No para préstamo | Biblioteca de origen | Biblioteca actual | Ubicación en estantería | Fecha de adquisición | Total de préstamos | Signatura topográfica completa | Código de barras | Visto por última vez | Precio de reemplazo | Tipo de ítem Koha |
|---|---|---|---|---|---|---|---|---|---|---|---|---|---|---|
| Clasificación decimal universal | Biblioteca del Ateneo de Madrid | Biblioteca del Ateneo de Madrid | Depósito 1 | 17/01/2008 | A-15284 | 1070612 | 23/02/2023 | 23/02/2023 | Libro impreso |
